[Event "XVII Cracovia A"]
[Site "Krakow POL"]
[Date "2006.12.29"]
[Round "3"]
[White "Mickiewicz,P"]
[Black "Malaniuk,V"]
[Result "0-1"]
[WhiteElo "2312"]
[BlackElo "2534"]

1.e4 d5 2.exd5 Qxd5 3.Nc3 Qd6 4.d4 Nf6 5.Nf3 a6 6.g3 Bg4 7.Bg2 Nc6 8.O-O O-O-O
9.d5 Ne5 10.Bf4 Nxf3+ 11.Bxf3 Bxf3 12.Qxf3 e5 13.Bg5 h6 14.Be3 Qd7 15.Rfd1 Qg4
16.Qg2 Bb4 17.Rd3 Bxc3 18.bxc3 Qc4 19.Rad1 Rd6 20.Qh3+ Kb8 21.Qf5 Re8 22.a4 a5
23.Rb1 b6 24.Rdd1 Kb7 25.Rb5 Qxa4 26.Qd3 Qe4 27.c4 Qxd3 28.cxd3 Ka6 29.Rdb1 Nd7
30.g4 c5 31.Kg2 e4 32.Bf4 Rf6 33.Bc7 exd3 34.d6 d2 35.Bxb6 Re1 36.Bc7 Rxb1
37.Rxb1 Rf4  0-1

[Event "Czech Christmas"]
[Site "Litomysl CZE"]
[Date "2006.12.30"]
[Round "7"]
[White "Novotny,M1"]
[Black "Kantorik,M"]
[Result "1-0"]
[WhiteElo "2238"]
[BlackElo "2364"]

1.e4 d5 2.exd5 Qxd5 3.Nc3 Qd6 4.d4 Nf6 5.Be3 c6 6.Qd2 Bf5 7.Bf4 Qd8 8.Nf3 e6
9.a3 Bd6 10.Ne5 Qc7 11.Be2 Nbd7 12.Qe3 a6 13.Rc1 c5 14.Nd3 Bxd3 15.Bxd6 Qxd6
16.dxc5 Nxc5 17.cxd3 O-O 18.O-O Nb3 19.Rb1 Nd4 20.Bf3 Nxf3+ 21.Qxf3 Qb6 22.b4 Rfd8
23.Rfc1 Nd5 24.Ne4 h6 25.Rc4 a5 26.b5 a4 27.Qe2 Ne7 28.Nc5 Rd5 29.Qc2 Ra5
30.Nxa4 Qd6 31.Nc5 Rxa3 32.Nxb7 Qb6 33.Nc5 Ra8 34.h3 Rad8 35.Na4 Qb8 36.Rc7 Nf5
37.b6 Nd4 38.Qc4 Ne2+ 39.Kf1 Rd4 40.Qc6 Nf4 41.b7 Rxd3 42.Rc8 Qe5 43.b8=Q Qe2+
44.Kg1 Nxh3+ 45.gxh3  1-0

[Event "Czech Christmas"]
[Site "Litomysl CZE"]
[Date "2007.01.01"]
[Round "9"]
[White "Vyskocil,N"]
[Black "Aepfler,C"]
[Result "1/2-1/2"]
[WhiteElo "2374"]
[BlackElo "2235"]

1.e4 d5 2.exd5 Qxd5 3.Nc3 Qd6 4.d4 Nf6 5.Nf3 a6 6.g3 Bg4 7.Bg2 Nc6 8.Ne2 O-O-O
9.c3 h6 10.h3 Bf5 11.Bf4 Qd7 12.Ne5 Nxe5 13.Bxe5 Be4 14.f3 Bc6 15.Qd2 e6
16.O-O-O Bd6 17.Qe3 Kb8 18.Qf2 Qe7 19.Nf4 Bxe5 20.dxe5 Nd7 21.Nd3 a5 22.h4 b6
23.h5 Nc5 24.Nxc5 Qxc5 25.Qxc5 bxc5 26.Rh4 Rxd1+ 27.Kxd1 Kb7 28.Rg4 Rg8 29.Ke2 g5
30.hxg6 Rxg6 31.Rxg6 fxg6 32.c4 Kc8 33.Ke3 Kd7 34.Bf1 g5 35.f4 Ke7 36.Be2 Kf7
37.Bh5+ Ke7 38.Bg6 Bb7 39.b3 Bc6 40.Bc2 Bb7 41.Bd1 Kf7 42.Bh5+ Ke7 43.Bg6 Bc6
44.a3 Bb7 45.fxg5 hxg5 46.Be4 Bxe4 47.Kxe4 Kf7 48.Kd3 Ke7 49.Kc3 Kd7 50.Kc2 Ke7
51.Kc3 Kd7 52.b4 cxb4+ 53.axb4 axb4+ 54.Kxb4 Kc6 55.g4  1/2-1/2

[Event "49th It"]
[Site "Reggio Emilia ITA"]
[Date "2007.01.01"]
[Round "3"]
[White "Mogranzini,R"]
[Black "Borgo,G"]
[Result "1/2-1/2"]
[WhiteElo "2401"]
[BlackElo "2420"]

1.e4 d5 2.exd5 Qxd5 3.Nc3 Qd6 4.d4 Nf6 5.Bd3 c6 6.Nge2 Bg4 7.f3 Bh5 8.Bf4 Qd8
9.Qd2 e6 10.h4 Bd6 11.g4 Bg6 12.h5 Bxf4 13.Nxf4 Bxd3 14.Qxd3 Qd6 15.Qe3 Na6
16.h6 g5 17.Nfe2 Rg8 18.O-O-O Nb4 19.Qe5 Qxe5 20.dxe5 Nd7 21.Ne4 Ke7 22.Rxd7+ Kxd7
23.Nf6+ Ke7 24.Nxg8+ Rxg8 25.Nc3 c5 26.Ne4 Nc6 27.Nf6 Rh8 28.Ne4 Nxe5 29.Nxg5 f6
30.Re1 b6 31.Ne4 Nxf3 32.Re3 Nd4 33.c3 Nb5 34.Rf3 Rf8 35.g5 fxg5 36.Rxf8 Kxf8
37.Nxg5 Kg8 38.Nxe6 Kf7 39.Nf4 Kf6 40.Kd2 Nd6 41.b4 cxb4 42.cxb4 Ke5 43.Ne2 Ke4
44.a4 a6 45.Kc3 Nf5 46.Kc4 Ne3+ 47.Kc3 Nf5 48.Kc4 Nd6+ 49.Kc3 Ke3 50.Nd4 b5
51.Ne6 bxa4 52.Nf8 Nf7 53.Nxh7 Nxh6 54.Kb2 Nf5 55.Ka3 Nd4 56.Kxa4 Nc2  1/2-1/2

[Event "13th Festival A"]
[Site "Zupanja CRO"]
[Date "2007.01.03"]
[Round "1"]
[White "Ljubicic,F"]
[Black "Sedlak,N"]
[Result "0-1"]
[WhiteElo "2398"]
[BlackElo "2561"]

1.e4 d5 2.exd5 Qxd5 3.Nc3 Qd6 4.d4 Nf6 5.Nge2 c6 6.Bf4 Qb4 7.b3 Bg4 8.f3 Bf5
9.Qd2 e6 10.g4 Bg6 11.Bg2 Nbd7 12.O-O Qa5 13.a3 Be7 14.b4 Qd8 15.Ne4 Nb6
16.Nc5 Nc4 17.Qc3 b5 18.Qb3 Nd5 19.Bc1 h5 20.h3 e5 21.dxe5 Bxc5+ 22.bxc5 Qe7
23.Nf4 Qxc5+ 24.Kh1 Nxf4 25.Bxf4 O-O 26.gxh5 Bxh5 27.Qc3 f6 28.Rfe1 Rae8
29.exf6 Rxe1+ 30.Rxe1 Rxf6 31.Re5 Qf8 32.Rxh5 Rxf4 33.Rg5 Qf6 34.Qxf6 Rxf6
35.f4 Nxa3 36.Rc5 Rxf4 37.Rxc6 a5 38.Ra6 a4 39.Bc6 Rb4 40.c3 Rb1+ 41.Kg2 Rb2+
42.Kf3 Rc2 43.c4 Rc3+ 44.Kf4 Rxc4+ 45.Kg5 Rc3 46.h4 Kf8 47.Ra8+ Ke7 48.Ra7+ Kd6
49.Bxb5 Nxb5 50.Rxa4 Rg3+ 51.Kh5 g6+ 52.Kh6 Nc7 53.h5 Ne6 54.Ra5 g5 55.Kg6 Nf4+
56.Kg7 Nxh5+ 57.Kg6 Nf4+ 58.Kf5 Nh3 59.Ra4 Kd5  0-1

[Event "Australian Open"]
[Site "Tuggeranong AUS"]
[Date "2007.01.04"]
[Round "7"]
[White "Escribano,J"]
[Black "Mortensen,H"]
[Result "1-0"]
[WhiteElo "1857"]
[BlackElo "2026"]

1.e4 d5 2.exd5 Qxd5 3.Nc3 Qd6 4.d4 c6 5.g3 Nf6 6.Bf4 Qd8 7.Bg2 Bf5 8.Nf3 e6
9.Nh4 Bg6 10.Nxg6 hxg6 11.Qd3 Bb4 12.Bd2 Nbd7 13.O-O-O Qc7 14.a3 Be7 15.Ne2 O-O-O
16.Qf3 e5 17.h4 exd4 18.Nxd4 Ne5 19.Qc3 Neg4 20.Bh3 Kb8 21.Bf4 Bd6 22.Bxd6 Rxd6
23.Qf3 Ne5 24.Qf4 Nc4 25.Bg2 Nd5 26.Bxd5 Rxd5 27.Nxc6+ bxc6 28.Qxc4 Rhd8
29.Rxd5 Rxd5 30.Qb4+ Qb6 31.Qf8+ Rd8 32.Qxf7 Qd4 33.Qf4+ Qxf4+ 34.gxf4 Rf8
35.Rg1 Rxf4 36.Rxg6 Rxf2 37.Rxg7 Rf5 38.Kd2 Rf2+ 39.Kc3 Rh2 40.Rh7  1-0

[Event "13th Festival A"]
[Site "Zupanja CRO"]
[Date "2007.01.04"]
[Round "2"]
[White "Zivkovic,Vj"]
[Black "Plenkovic,Z"]
[Result "1-0"]
[WhiteElo "2441"]
[BlackElo "2366"]

1.e4 d5 2.exd5 Qxd5 3.Nc3 Qd8 4.d4 Nf6 5.Bg5 c6 6.Qd2 Be6 7.Nf3 Nbd7 8.h3 h6
9.Bf4 g5 10.Bh2 Bg7 11.Ne5 Nd5 12.Nxd7 Qxd7 13.Ne4 Nf4 14.c3 Qd5 15.f3 Ng6
16.Nc5 Bc8 17.Bd3 O-O 18.Bc7 f5 19.Qe2 Qf7 20.Bc4 e6 21.Bg3 b6 22.Nd3 a5
23.a3 Re8 24.h4 Ba6 25.Bxa6 Rxa6 26.Ne5 Bxe5 27.Bxe5 Ra7 28.hxg5 hxg5 29.O-O-O Nxe5
30.dxe5 Kg7 31.Qe3 Kg6 32.f4 g4 33.Qg3 Qg7 34.Rd6 Rc7 35.Qh4 Kf7 36.Qh7 Kf8
37.Qh6 Kf7 38.Qh5+ Qg6 39.Qh7+ Qg7 40.Rh6 Kf8 41.Qxg7+ Rxg7 42.Rhxe6 Rxe6
43.Rxe6 Rh7 44.Rxc6 Rh2 45.Rf6+ Ke7 46.Rxf5 Rxg2 47.Rg5 g3 48.f5 Kf7 49.a4 Rf2
50.e6+ Kf6 51.Rxg3 Rxf5 52.Rg8 Re5 53.Rb8 Rxe6 54.Kc2 Ke5 55.Rd8 Rh6 56.Kb3 Rc6
57.Rh8 Ke4 58.Rh4+ Ke5 59.Rh1 Ke4 60.Rh5 Kd3 61.Rh4 Ke3 62.Rd4 Kf3 63.Rc4 Rg6
64.Rc8 Ke2 65.Rd8 Rc6 66.Kc2 Ke3 67.Rd4 Rh6 68.Kb3 Rc6 69.Rc4 Rg6 70.Rc8 Kd2
71.Rd8+ Kc1 72.Rh8 Rc6 73.Rh1+ Kd2 74.Rh2+ Kd3 75.Rh4 Kd2 76.Rg4 Ke3 77.Rd4 Ke2
78.Kc2 Ke3 79.b4 axb4 80.Rxb4 Rd6 81.Kb3 Rh6 82.Kc4 Rg6 83.Rb1 Rg3 84.Kb3 Kd2
85.Rh1 Rg6 86.Rh4 Rg1 87.Rd4+ Ke3 88.Rd6 Ke4 89.Kc4 Rb1 90.Rd5 Rb2 91.Rb5 Ra2
92.Rb4 Ke3 93.Kb5 Kd3 94.c4 Rh2 95.Rb3+ Kd4 96.Rb1 Rh5+ 97.Kb4 Ke5 98.Kb5 Ke4+
99.Kb4 Ke5 100.Rd1 Rh2 101.Rd5+ Ke4 102.Rd6 Rb2+ 103.Kc3 Rb1 104.Re6+ Kf5
105.Re2 Ra1 106.Kb3 Kf4 107.Ra2 Rh1 108.Re2 Ra1 109.Re8 Kf5 110.Kb4 Rb1+
111.Kc3 Rc1+ 112.Kb3 Ra1 113.Re7 Kf6 114.Rb7 Ke5 115.Rd7 Ke6 116.Rd3 Ke7
117.Kb4 Ke8 118.Kb5 Rb1+ 119.Kc6 Rb4 120.Rd4 Ke7 121.Re4+ Kd8 122.Rh4 Rxa4
123.Kxb6 Kd7 124.Rh7+ Kc8 125.c5 Ra1 126.Rh8+ Kd7 127.c6+  1-0

[Event "Petrovskaya Ladya IM"]
[Site "Peterhof RUS"]
[Date "2007.01.05"]
[Round "4"]
[White "Fedoseev,Vl3"]
[Black "Romcovici,V"]
[Result "1-0"]
[WhiteElo "2166"]
[BlackElo "2288"]

1.e4 d5 2.exd5 Qxd5 3.Nc3 Qd6 4.Nf3 Nf6 5.Be2 c6 6.O-O Bg4 7.d3 e6 8.Be3 Nbd7
9.h3 Bh5 10.Rb1 Nd5 11.Ne4 Qc7 12.Bd2 N7f6 13.Ng3 Bg6 14.Qc1 Bd6 15.c4 Ne7
16.c5 Bxg3 17.fxg3 Nfd5 18.g4 h5 19.Nh4 hxg4 20.Nxg6 Nxg6 21.Bxg4 O-O-O 22.Qe1 Nf6
23.Be2 Qe5 24.Qf2 Ne4 25.dxe4 Rxd2 26.Qe3 Rd4 27.Rxf7 Rxe4 28.Qb3 Qxc5+ 29.Kh1 Ne7
30.Bg4 Rh6 31.Qg3 Rf6 32.b4 Rxb4 33.Rxb4 Qxb4 34.Rxf6 Nf5 35.Bxf5 gxf6 36.Bxe6+ Kd8
37.Qg8+ Kc7 38.Qf7+ Kb6 39.Qxf6 Qd2 40.Bb3 a5 41.Kg1 Qb4 42.Qf2+ Ka6 43.Bd1 b5
44.Bf3 Qc4 45.h4 a4 46.g3 a3 47.h5 Kb7 48.Qe2 Qc5+ 49.Kg2 Qg5 50.Qc2  1-0

[Event "13th Festival A"]
[Site "Zupanja CRO"]
[Date "2007.01.05"]
[Round "3"]
[White "Dabo Peranic,R"]
[Black "Milanovic,Da"]
[Result "1/2-1/2"]
[WhiteElo "2307"]
[BlackElo "2519"]

1.e4 d5 2.exd5 Qxd5 3.Nc3 Qd6 4.d4 Nf6 5.Nf3 a6 6.Be2 Nc6 7.O-O Bg4 8.Be3 e6
9.Qd2 Qd8 10.a3 Be7 11.Rad1 Bf5 12.Bd3 Bxd3 13.Qxd3 O-O 14.h3 Qc8 15.Ne4 Rd8
16.Nxf6+ Bxf6 17.Bg5 Ne5 18.Nxe5 Bxg5 19.c3 Bf6 20.Qe3 Rd5 21.Nd3 Qd7 22.Qf3 Qb5
23.Rde1 Rf5 24.Qe2 Rd8 25.Nc5 Qb6 26.b4 Rfd5 27.f4 Bh4 28.Rd1 Qc6 29.Rf3 g6
30.Re3 Bf6 31.Kh2 Bg7 32.Rf1 Bf8 33.Ne4 Be7 34.g3 Qd7 35.g4 a5 36.Ng3 Bh4
37.g5 Bxg3+ 38.Kxg3 Rf5 39.Re5 axb4 40.axb4 Ra8 41.Rxf5 gxf5 42.h4 Ra3 43.Rf3 Qc6
44.Qe3 Kf8 45.h5 Ke7 46.h6 Kd7 47.Qd3 Qd5 48.Qe2 Ra2 49.Qd3 Ra3 50.Qe2 Ra2
51.Qd3 b5 52.Qe3 Kc6 53.Qd3 Qb3 54.d5+ Qxd5 55.Qxd5+ exd5 56.Re3 Kd6 57.Re8 Rc2
58.Rh8 Rxc3+ 59.Kf2 Rc4 60.Rxh7 Rxf4+ 61.Ke3 Re4+ 62.Kd3 Ke6 63.Rh8 Rh4 64.Re8+ Kd6
65.Rd8+ Ke5 66.Rd7 Kf4 67.Rxf7 Kxg5 68.h7 Kg6 69.Rxc7 Rxh7 70.Rc5 Rh3+ 71.Ke2 Rb3
72.Rxb5 d4 73.Rb8 f4 74.b5 Kf5 75.b6 Ke4 76.Re8+ Kd5 77.Rf8 Rxb6 78.Rxf4 Kc4
79.Rf3 Rh6 80.Kd2  1/2-1/2

[Event "13th Festival A"]
[Site "Zupanja CRO"]
[Date "2007.01.06"]
[Round "5"]
[White "Ljubicic,F"]
[Black "Plenkovic,Z"]
[Result "1-0"]
[WhiteElo "2398"]
[BlackElo "2366"]

1.e4 d5 2.exd5 Qxd5 3.Nc3 Qd8 4.d4 Nf6 5.Bc4 a6 6.a4 Nc6 7.Nge2 Bf5 8.O-O e6
9.d5 exd5 10.Nxd5 Be6 11.Nef4 Nxd5 12.Bxd5 Bxd5 13.Nxd5 Qd7 14.Re1+ Kd8 15.Bg5+ Kc8
16.Bf4 Bc5 17.Bxc7 Nb4 18.Nb6+ Bxb6 19.Bxb6 Nd5 20.Qd4 Nxb6 21.Qxb6 Rd8 22.Ra3  1-0

[Event "49th It"]
[Site "Reggio Emilia ITA"]
[Date "2007.01.07"]
[Round "9"]
[White "Landa,K"]
[Black "Borgo,G"]
[Result "1-0"]
[WhiteElo "2570"]
[BlackElo "2420"]

1.e4 d5 2.exd5 Qxd5 3.Nc3 Qd6 4.d4 Nf6 5.Nf3 c6 6.Ne5 Nbd7 7.Nc4 Qc7 8.Qf3 Nb6
9.Bf4 Qd8 10.Be5 Bg4 11.Qg3 h5 12.Bd3 h4 13.Qf4 Be6 14.Nxb6 axb6 15.Bc7 Nd5
16.Nxd5 Qxd5 17.O-O b5 18.Rfe1 h3 19.Be4 Qd7 20.g3 Bd5 21.Bd3 e6 22.a4 bxa4
23.c4 Bg2 24.Be5 Rh6 25.Qd2 f6 26.Bf4 g5 27.Bf5 Kf7 28.Bxe6+ Qxe6 29.Rxe6 Kxe6
30.Be3 Kf7 31.Qc2 b5 32.d5 Be7 33.Qf5 cxd5 34.cxd5 Ra6 35.Re1 Rh8 36.Bxg5 Rd6
37.Bf4 Rxd5 38.Qe6+ Kg6 39.Qg4+ Kf7 40.Qe6+ Kg6 41.Qxe7 Rhd8 42.f3  1-0

[Event "XXXII Open"]
[Site "Seville ESP"]
[Date "2007.01.09"]
[Round "3"]
[White "Gavrilov,Al1"]
[Black "Perez Garcia,R"]
[Result "1-0"]
[WhiteElo "2465"]
[BlackElo "2172"]

1.e4 d5 2.exd5 Qxd5 3.Nc3 Qd6 4.d4 Nf6 5.Nf3 a6 6.Be3 Nc6 7.a3 Bg4 8.h3 Bh5
9.Qe2 e6 10.O-O-O O-O-O 11.g3 Nd5 12.Ne4 Qd7 13.Bg2 Nxe3 14.Qxe3 Be7 15.Kb1 Rhe8
16.Rd3 Bg6 17.Rhd1 Kb8 18.R1d2 h6 19.Rb3 Qd5 20.Ne5 Nxe5 21.dxe5 Qc6 22.Rxd8+ Rxd8
23.Bf3 Qc4 24.Rxb7+ Kc8 25.Rb3 Rd5 26.Rc3 Qd4 27.Nd6+ Bxd6 28.Bxd5 Qd1+ 29.Qc1 Qxd5
30.exd6 Qxd6 31.Qf1 Be4 32.Qe2 f5 33.h4 g5 34.hxg5 hxg5 35.Kc1 g4 36.Qd2 Qe7
37.Qd4 Qh7 38.b3 Qe7 39.Rc5 Bf3 40.Qe5 Bd5 41.b4 Qd7 42.Kb2 Kb7 43.Rc3 Be4
44.Rc4 Bd5 45.Rc5 Be4 46.a4 c6 47.Rc3 Qh7 48.Qxe6  1-0

[Event "13th Festival A"]
[Site "Zupanja CRO"]
[Date "2007.01.09"]
[Round "9"]
[White "Zivkovic,Vj"]
[Black "Milanovic,Da"]
[Result "0-1"]
[WhiteElo "2441"]
[BlackElo "2519"]

1.e4 d5 2.exd5 Qxd5 3.Nc3 Qd8 4.d4 Nf6 5.Bg5 c6 6.Qd2 Bf5 7.Nf3 e6 8.Ne5 Nbd7
9.Be2 Nxe5 10.dxe5 Qxd2+ 11.Kxd2 Nd7 12.g4 Bg6 13.f4 h5 14.h3 Bb4 15.a3 Bxc3+
16.Kxc3 Be4 17.Rhd1 hxg4 18.Bxg4 Bd5 19.f5 Nxe5 20.fxe6 fxe6 21.Bf4 Nxg4
22.hxg4 Rh4 23.Bd6 Rxg4 24.Rxd5 cxd5 25.Rh1 O-O-O  0-1

[Event "ch-NZL 2006-7"]
[Site "Wanganui NZL"]
[Date "2007.01.10"]
[Round "9"]
[White "Burns,C"]
[Black "Goodhue,N"]
[Result "1/2-1/2"]
[WhiteElo "2017"]
[BlackElo "2073"]

1.e4 d5 2.exd5 Qxd5 3.Nc3 Qd6 4.d4 Nf6 5.Nf3 a6 6.Bc4 Nc6 7.Be3 b5 8.Be2 Bb7
9.O-O e6 10.Qc1 Rd8 11.Rd1 Qd7 12.Ne5 Nxe5 13.dxe5 Nd5 14.Ne4 Qc6 15.Bf3 Be7
16.a4 O-O 17.axb5 axb5 18.c3 Nxe3 19.Rxd8 Rxd8 20.Nf6+ gxf6 21.Bxc6 Rd1+
22.Qxd1 Nxd1 23.Bxb7 Nxb2 24.Bc6 Na4 25.c4 fxe5 26.cxb5 Nb6 27.Ra7 Bd6 28.g3 Kg7
29.Kg2 Nc8 30.Rb7 Nb6 31.Kf3 Nc4 32.Ra7 Nd2+ 33.Ke2 Nc4 34.Kd3 Nb6 35.Ke4 Nc4
36.Ra2 Nb6 37.g4 Nc4 38.Rc2 Nb6 39.h4 h6 40.Rc3 Na4 41.Rc1 Nc5+ 42.Kf3 Na4
43.Ke2 Nb6 44.Be4 Na4 45.Kd2 Nb6 46.f3 Nd7 47.Rc6 Nb8 48.Rc1 Nd7 49.Rc4 Nb6
50.Rc6 Kf6 51.Kc3 Ke7 52.h5 Kf6 53.Kb3 Kg5 54.Rc1 f5 55.gxf5 exf5 56.Rg1+ Kxh5
57.Bxf5 Kh4 58.Rg4+ Kh3 59.Rg6+ Kh4 60.Rxh6+ Kg5 61.Rxd6 cxd6 62.Be6 Kf4
63.Kb4 Na8 64.Bd5 Nb6 65.Bc6 Ke3 66.Ka5 Nc4+ 67.Ka6 Kd4 68.b6 Nxb6 69.Kxb6 d5
70.Kb5 e4 71.fxe4  1/2-1/2

[Event "TCh-NOR 2006-7"]
[Site "Oslo NOR"]
[Date "2007.01.12"]
[Round "4"]
[White "Bentsen,O"]
[Black "Haugli,P"]
[Result "0-1"]
[WhiteElo "2180"]
[BlackElo "2321"]

1.e4 d5 2.exd5 Qxd5 3.Nc3 Qd6 4.Nf3 Nf6 5.Bc4 Be6 6.Qe2 Bxc4 7.Qxc4 Nc6 8.d3 e6
9.O-O Qb4 10.Qxb4 Bxb4 11.Bd2 O-O-O 12.a3 Be7 13.Rfe1 a6 14.Bf4 Nd5 15.Nxd5 Rxd5
16.Ne5 Nxe5 17.Bxe5 f6 18.Bc3 e5 19.Re4 Bc5 20.Kf1 Rhd8 21.Rae1 Bd4 22.Bxd4 Rxd4
23.f3 c5 24.g3 Kc7 25.Kf2 Kc6 26.Ke3 b5 27.f4 Kd5 28.fxe5 Rxe4+ 29.dxe4+ Kxe5
30.c3 c4 31.Re2 Rd3+ 32.Kf2 h5 33.Kg2 g5 34.Kf2 h4 35.Kg2 a5 36.Kh3 hxg3
37.hxg3 b4 38.axb4 axb4 39.cxb4 Rb3 40.Rf2 Rxb4 41.Rf5+ Kxe4 42.Rxf6 Rxb2
43.Kg4 Rb5 44.Rc6 Kd5 45.Rf6 Kd4 46.Rd6+ Rd5 47.Ra6 c3  0-1

[Event "4NCL 2006-07"]
[Site "Coventry ENG"]
[Date "2007.01.13"]
[Round "5"]
[White "Ashton,A"]
[Black "Zeidler,S"]
[Result "1/2-1/2"]
[WhiteElo "2290"]
[BlackElo "2211"]

1.e4 d5 2.exd5 Qxd5 3.Nc3 Qd6 4.d4 Nf6 5.Nf3 a6 6.Be3 b5 7.a4 b4 8.Ne2 e6
9.Ng3 Nbd7 10.Bd3 Bb7 11.O-O c5 12.Qe2 Rc8 13.Rfd1 Qc6 14.Qf1 Bd6 15.Nd2 Nd5
16.Nde4 Be7 17.Nxc5 Nxc5 18.dxc5 Nxe3 19.fxe3 Bxc5 20.Be4 Qc7 21.Qf3 Bxe4
22.Nxe4 O-O 23.Rd2 f5 24.Nxc5 Qxc5 25.Kh1 Qe5 26.Rad1 Qxb2 27.Qb7 Rxc2 28.Rd8 Rc1
29.Qe7 Rxd1+ 30.Rxd1 Qb3 31.Re1 a5 32.h3 Qd5 33.Rc1 Rd8 34.e4 fxe4 35.Rf1 h6
36.Qf7+ Kh7 37.Rf6 Qg5 38.Rxe6 Rd1+ 39.Kh2 Rd2 40.Qf1 e3 41.Qb1+ g6 42.Qe4 Rd7
43.h4 Qf5 44.Qxe3 Rf7 45.Re5 Qg4 46.Rxa5 Qxh4+ 47.Kg1 Qc4 48.Ra7 b3 49.Rxf7+ Qxf7
50.Qb6 Qc4 51.Qf6 h5 52.a5 Qc1+ 53.Kh2 Qc7+ 54.g3 Qc2+ 55.Kh3 b2 56.Qf7+ Kh6
57.Qf8+  1/2-1/2

[Event "XXXII Open"]
[Site "Seville ESP"]
[Date "2007.01.13"]
[Round "7"]
[White "Parligras,M"]
[Black "Epishin,V"]
[Result "1/2-1/2"]
[WhiteElo "2494"]
[BlackElo "2554"]

1.e4 d5 2.exd5 Qxd5 3.Nc3 Qd6 4.d4 Nf6 5.Nf3 g6 6.Nb5 Qb6 7.c4 c6 8.Nc3 Bg4
9.Be2 Bg7 10.O-O O-O 11.a3 Rd8 12.Be3 Nbd7 13.b4 Qc7 14.h3 Bxf3 15.Bxf3 Ne8
16.Qb3 Nd6 17.Rad1 Nf5 18.Ne2  1/2-1/2

[Event "TCh-BEL 2006-7"]
[Site "Belgium BEL"]
[Date "2007.01.14"]
[Round "6"]
[White "Saiboulatov,D"]
[Black "Grafl,F"]
[Result "0-1"]
[WhiteElo "2413"]
[BlackElo "2413"]

1.e4 d5 2.exd5 Qxd5 3.Nc3 Qd6 4.d4 Nf6 5.Nf3 a6 6.g3 Bg4 7.h3 Bh5 8.Bg2 Nc6
9.O-O O-O-O 10.d5 Nxd5 11.Nxd5 Qxd5 12.Qxd5 Rxd5 13.g4 Bg6 14.Nh4 Rd8 15.Nxg6 hxg6
16.c3 e6 17.Be3 Be7 18.f4 Na5 19.Bd4 Bf6 20.Bf2 Nc4 21.g5 Be7 22.Bd4 Rhg8
23.a4 Nd2 24.Be3 Nxf1 25.Bxf1 Rd5 26.b4 Rgd8 27.Be2 a5 28.Rb1 axb4 29.cxb4 e5
30.a5 exf4  0-1

[Event "Stone Flower A"]
[Site "Nizhnij Tagil RUS"]
[Date "2007.01.15"]
[Round "1"]
[White "Andreev,Ed UKR"]
[Black "Lysyj,I"]
[Result "0-1"]
[WhiteElo "2442"]
[BlackElo "2576"]

1.e4 d5 2.exd5 Qxd5 3.Nc3 Qd6 4.d4 Nf6 5.Nf3 a6 6.Ne5 Nc6 7.Bf4 Nxd4 8.Bd3 Ne6
9.Bg3 Qb6 10.O-O g6 11.Kh1 Bg7 12.f4 Nh5 13.Bf2 Qxb2 14.Qe1 Nhxf4 15.Rb1 Qa3
16.Rb3 Qd6 17.Nc4 Qc6 18.Ne4 Nxd3 19.cxd3 O-O 20.Bg3 f5 21.Ned2 f4 22.Bf2 b5
23.Ne5 Qd5 24.Ndf3 c5 25.d4 cxd4 26.Rd3 Bb7 27.Bxd4 Bxe5 28.Qxe5 Qxe5 29.Bxe5 Rfd8
30.Rfd1 Rxd3 31.Rxd3 Bxf3  0-1

[Event "zt 3.3"]
[Site "Phu Quoc VIE"]
[Date "2007.01.15"]
[Round "6"]
[White "Tu Hoang Thong"]
[Black "Barbosa,O PHI"]
[Result "1/2-1/2"]
[WhiteElo "2469"]
[BlackElo "2413"]

1.e4 d5 2.exd5 Qxd5 3.Nc3 Qd6 4.g3 Nf6 5.Bg2 a6 6.Nge2 Nc6 7.d4 e5 8.dxe5 Qxd1+
9.Nxd1 Nxe5 10.Bf4 Bd6 11.Ndc3 O-O 12.O-O-O Rb8 13.h3 Re8 14.Bg5 Ned7 15.Be3 Be5
16.Rhe1 c6 17.g4 h6 18.Rd3 Bc7 19.b3 Ne5 20.Rd2 Ng6 21.Red1 Be6 22.Kb2 h5
23.g5 Nh7 24.Bf3 Ne5 25.Bg2 Ng6 26.Bf3 Ne5  1/2-1/2

[Event "Corus C"]
[Site "Wijk aan Zee NED"]
[Date "2007.01.16"]
[Round "4"]
[White "Hou Yifan"]
[Black "Berg,E"]
[Result "1/2-1/2"]
[WhiteElo "2509"]
[BlackElo "2586"]

1.e4 d5 2.exd5 Qxd5 3.Nc3 Qd6 4.d4 Nf6 5.Nf3 a6 6.g3 Bg4 7.Bg2 c6 8.O-O e6
9.h3 Bxf3 10.Bxf3 Qc7 11.Ne2 Nbd7 12.c4 Bd6 13.Be3 O-O 14.Bg2 Rad8 15.Qc2 Rfe8
16.Rfd1 Nf8 17.Rac1 Ng6 18.Nc3 Qb8 19.Qb1 Rc8 20.a4 h5 21.Ne2 h4 22.g4 Nf4
23.Nxf4 Bxf4 24.Qd3 a5 25.Qd2 Bxe3 26.Qxe3 e5 27.d5 cxd5 28.cxd5 Qd6 29.Rxc8 Rxc8
30.Qg5 e4 31.Qxh4 e3 32.fxe3 Rc2 33.g5 Nd7 34.Qf4 Ne5 35.Be4 Rxb2 36.Rc1 Kf8
37.Bg2 Ke7 38.Rf1 Rb4 39.Qf5 g6 40.Qc2 Rc4 41.Qb2 Rb4 42.Qc2 Nd7 43.Qf2 Ne5
44.Qc2 Nd7 45.Qf2 Ne5 46.Qc2 Nd7  1/2-1/2

[Event "TCh-AUT 2006-7"]
[Site "Leoben AUT"]
[Date "2007.01.20"]
[Round "6"]
[White "Baklan,V"]
[Black "Loeffler,S"]
[Result "1-0"]
[WhiteElo "2618"]
[BlackElo "2448"]

1.e4 d5 2.exd5 Qxd5 3.Nc3 Qd6 4.d4 Nf6 5.Nf3 Bg4 6.h3 Bxf3 7.Qxf3 c6 8.Be3 Nbd7
9.O-O-O e6 10.Kb1 Qc7 11.g4 Bb4 12.g5 Nd5 13.Ne4 b5 14.h4 N7b6 15.Bc1 O-O-O
16.c3 Bd6 17.b3 Bf4 18.Bb2 Ne7 19.Rg1 h5 20.gxh6 Rxh6 21.h5 Rg8 22.Be2 g5
23.Bc1 Nbd5 24.Nxg5 Bxc1 25.Rxc1 Rf6 26.Qg3 Qxg3 27.Rxg3 Rxf2 28.Bd1 Nf5
29.Rf3 Rd2 30.Ne4 Rh2 31.Rf2 Rh4 32.c4 bxc4 33.bxc4 Nde3 34.Nf6 Rg1 35.Be2 Rhh1
36.Rxg1 Rxg1+ 37.Kb2 Nxd4 38.h6 Rh1 39.Bh5 Nd1+ 40.Bxd1 Rxh6 41.Bc2 Rh4 42.Bd3 Kd8
43.Kc3 e5 44.c5 Ne6 45.Ne4 Nf4 46.Bc4 Nd5+ 47.Bxd5 cxd5 48.Nd6 Kd7 49.Rf6 Rh3+
50.Kb4 e4 51.Nf5 a5+ 52.Kb5 Rc3 53.c6+ Ke8 54.Rd6  1-0

[Event "ch-EST w"]
[Site "Tallinn EST"]
[Date "2007.01.20"]
[Round "1"]
[White "Makarova,Natalja"]
[Black "Narva,R"]
[Result "0-1"]
[WhiteElo "1803"]
[BlackElo "2086"]

1.e4 d5 2.exd5 Qxd5 3.Nc3 Qd6 4.d4 Nf6 5.Nge2 a6 6.g3 Nc6 7.Bg2 e5 8.d5 Ne7
9.f4 Ng6 10.fxe5 Qxe5 11.Qd4 Bd6 12.Bd2 Bg4 13.h3 Qxd4 14.Nxd4 Bxg3+ 15.Kf1 Bc8
16.Ne4 Nxe4 17.Bxe4 O-O 18.c4 Re8 19.Bc2 Be5 20.Bc3 Bxd4 21.Bxd4 Nf4 22.h4 Bh3+
23.Kf2 Re2+ 24.Kg3 Rxc2 25.Kxf4 Rxc4 26.Ke3 Bf5 27.Bc3 Re8+ 28.Kf2 Rf4+ 29.Kg3 Rg4+
30.Kf2 Be4 31.Rhe1 Rxh4 32.Re3 f5  0-1

[Event "Gibtelecom Masters"]
[Site "Catalan Bay ENG"]
[Date "2007.01.23"]
[Round "1"]
[White "Steel,H"]
[Black "Perez Romero,C"]
[Result "1-0"]
[WhiteElo "2175"]
[BlackElo "2019"]

1.e4 d5 2.exd5 Qxd5 3.Nc3 Qd8 4.d4 c6 5.Nf3 Bf5 6.Bc4 Nf6 7.Ne5 e6 8.g4 Bg6
9.h4 Bb4 10.f3 Nd5 11.Bxd5 cxd5 12.h5 f6 13.hxg6 fxe5 14.g5 Nc6 15.a3 Be7
16.f4 exf4 17.Bxf4 Bxg5 18.Qg4 Bxf4 19.Qxf4 Qf6 20.Qxf6 gxf6 21.O-O-O Kf8
22.Rdg1 Kg7 23.gxh7+ Kf7 24.Ne2 Rac8 25.c3 Rc7 26.Nf4 Nxd4 27.Ng6 Ne2+ 28.Kd2 Nxg1
29.Nxh8+ Kg7 30.Ng6  1-0

[Event "ch-SER Qualification"]
[Site "Belgrade SER"]
[Date "2007.01.26"]
[Round "4"]
[White "Kojovic,D"]
[Black "Drazic,S"]
[Result "1-0"]
[WhiteElo "2408"]
[BlackElo "2483"]

1.e4 d5 2.exd5 Qxd5 3.Nc3 Qd6 4.d4 Nf6 5.Nf3 c6 6.Ne5 Nbd7 7.Nc4 Qc7 8.g3 Nb6
9.Ne5 Be6 10.Bg2 Rd8 11.Bf4 Qc8 12.O-O g6 13.Ne4 Nxe4 14.Bxe4 Bg7 15.c3 g5
16.Nxf7 Bxf7 17.Bxg5 h6 18.Bh4 Nd5 19.Re1 O-O 20.Qd3 Rde8 21.f4 Bf6 22.Bf5 e6
23.Bxf6 exf5 24.Be5 b5 25.a4 b4 26.c4 Nb6 27.b3 a5 28.Re3 Qd7 29.Kf2 Bg6
30.Rg1 Kh7 31.h3 Qd8 32.Rge1 Rf7 33.Qe2 Nc8 34.Qf3 Qd7 35.Rd1 Ne7 36.Kg2 Rd8
37.Red3 Qc8 38.Kh2 Rff8 39.Re1 Rd7 40.Rde3 Rf7 41.Qf2 Qd8 42.Rd1 Bh5 43.Rd2 Ng6
44.Red3 Qe8 45.Re3 Rfe7 46.Qg2 Nxe5 47.Rxe5 Qg6 48.Qf2 Qe8 49.Qe3 Qf7 50.Qf2 Qe8
51.Qe3 Kg7 52.Qf2 Ra7 53.Qe3 Qf8 54.Qg1 Bf3 55.Qe3 Be4 56.Rf2 Qf6 57.Rd2 Kf7
58.Qf2 Ra8 59.Qe2 Kg7 60.Qe1 h5 61.Qe2 Kh6 62.Rd1 Rae8 63.Qf2 Ra8 64.Re1 Rd7
65.R1xe4 fxe4 66.Qe2 Qg6 67.g4 hxg4 68.hxg4 Rh7 69.Rg5 Qxg5 70.fxg5+ Kg6+
71.Kg3 Re8 72.d5 Rf7 73.dxc6 e3 74.Kh4 Rh7+ 75.Kg3 Rf7 76.Kh4 Re4 77.c5 Rh7+
78.Kg3 Kxg5 79.Qf3  1-0

[Event "12th HIT Open A"]
[Site "Nova Gorica SLO"]
[Date "2007.01.26"]
[Round "1"]
[White "Gombac,Jan"]
[Black "Sermek,D"]
[Result "0-1"]
[WhiteElo "2298"]
[BlackElo "2530"]

1.e4 d5 2.exd5 Qxd5 3.Nc3 Qd6 4.d4 Nf6 5.Nf3 a6 6.Be3 b5 7.Bd3 Bb7 8.Qd2 Nbd7
9.O-O-O e6 10.Rhe1 Be7 11.Bf4 Qb6 12.Ne5 Rd8 13.Qe2 c5 14.Nxf7 Kxf7 15.Bc7 Qc6
16.d5 Nxd5 17.Nxd5 Qxd5 18.Bg6+ hxg6 19.Rxd5 Bxd5 20.Bxd8 Bxd8 21.Qg4 Bc7
22.h3 Rh5 23.Qd1 Rg5 24.g3 Rf5 25.Qd2 Ne5 26.Rd1 Nc4 27.Qe1 Be5 28.c3 b4
29.f4 Bf6 30.Rd3 bxc3 31.bxc3 g5 32.Qf2 gxf4 33.gxf4 Bg5 34.Qxc5 Bxf4+ 35.Kc2 Ne3+
36.Kb2 Nc4+ 37.Kc2 Be3 38.Qc7+ Kf6 39.Qd8+ Kg6 40.Qe8+ Kh7 41.Rd1 Rf2+ 42.Kd3 Bc5
43.Qh5+ Kg8 44.Qe8+ Rf8 45.Qh5 Rf3+  0-1

[Event "Gibtelecom Masters"]
[Site "Catalan Bay ENG"]
[Date "2007.01.27"]
[Round "5"]
[White "Adams,Mi"]
[Black "Epishin,V"]
[Result "1-0"]
[WhiteElo "2735"]
[BlackElo "2554"]

1.e4 d5 2.exd5 Qxd5 3.Nc3 Qd6 4.d4 Nf6 5.Nf3 g6 6.Nb5 Qb6 7.Bf4 Na6 8.a4 Bg7
9.a5 Qc6 10.Be2 Bg4 11.Nc3 O-O 12.O-O Nd5 13.Nxd5 Qxd5 14.h3 Bf5 15.c3 c5
16.dxc5 Qxd1 17.Rfxd1 Nxc5 18.Be3 b6 19.Ra3 Rac8 20.Nd4 Bxd4 21.Rxd4 bxa5
22.Rd5 Nb7 23.Bxa7 Rfd8 24.Bf3 Nd6 25.Raxa5 Rd7 26.Bd4 Nc4 27.Rxd7 Bxd7 28.Ra7 e5
29.Be3 Be6 30.Bc1 Kg7 31.Kf1 Rb8 32.Rb7 Rxb7 33.Bxb7 Na5 34.Ba6 Bb3 35.Ke2 f5
36.Kd3 Bd5 37.b4 Bxg2 38.c4 Nc6 39.Ba3 Kf6 40.b5 Nd4 41.h4 f4 42.Bd6 Nf5
43.Bc7 e4+ 44.Kd2 e3+ 45.fxe3 fxe3+ 46.Ke2 Ke7 47.Bf4 Kd7 48.c5 Nxh4 49.b6 g5
50.Bh2 g4 51.Bb5+ Bc6 52.b7 Bxb5+ 53.Kxe3 Nf5+ 54.Kd2 g3 55.b8=Q gxh2 56.Qxh2 Ke6
57.Qxh7 Ne7 58.Qe4+ Kf7 59.Qf3+ Ke8 60.Qa8+ Kf7 61.Ke3 Bc6 62.Qb8 Bd7 63.Kf4 Ng6+
64.Kg5 Ne7 65.Qb3+ Be6 66.Qb2 Bd5 67.Qf6+ Ke8 68.Qe5 Kf7 69.Qf4+ Ke6 70.Qf6+ Kd7
71.Qd6+ Ke8 72.Kf6 Ng8+ 73.Ke5 Ne7 74.Qc7 Bg2 75.Kd6  1-0